Farní knihovna

Římskokatolická farnost – děkanství Nové Město nad Metují

" Jsem vaše Matka a Královna míru" : (Záznam č. 1903)

000 -Návěští
Řídící pole kódované 24B 00625nam a2200205 a 4500
001 - Kontrolní číslo
Řídící pole proměnné 000370056
003 - Identifikátor kontrolního čísla
Řídící pole proměnné CZ PrSKC
005 - Datum posledního zpracování
Řídící pole 16B 20180321075920.0
008 - Údaje pevné délky
Řídící pole kódované 40B 991014s1992 ci cze
040 ## - Zdroj katalogizace-agentura
Agentura původní katalogizace ABE454
Jazyk katalogizace čeština
080 ## - MDT
Klasifikační znak MDT 232.931.7(497.1)Medžugorje
110 2# - Hlavní záhlaví - jméno korporativního autora
Jméno korporace nebo jurisdikce Župni ured Medugorje
245 12 - Údaje o názvu
Název " Jsem vaše Matka a Královna míru" :
Další údaje o názvu Panna Maria v Medžugorje /
Údaj o odpovědností, atd. Župni ured Medugorje
250 ## - Údaje o vydání
Označení vydání 1. vyd.
260 ## - Nakladatelské údaje
Místo vydání Medugorje :
Jméno nakladatele Župni ured,
datum vydání 1992
300 ## - Fyzický popis
Rozsah 112 s. :
další fyzické údaje fotografie
653 0# - Rejstříkový termín - volně tvořený
Volně tvořený termín místo poutní
-- mariánská úcta
-- Medžugorje
Exempláře
Stav zrušení (blokování) Stav ztráty Zdroj klasifikace pro skladování Stav poškození Trvalé umístění Aktuální umístění Inventární číslo
        Farní knihovna Nové Město nad Metují Farní knihovna Nové Město nad Metují 4417